[Event "HUN-ch Seniors"]
[Site "Ajka"]
[Date "2008.06.28"]
[Round "8"]
[White "Szatmary, Revay Jozsef"]
[Black "Balogh, Lajos"]
[Result "1-0"]
[WhiteElo "2096"]
[BlackElo "2051"]
[PlyCount "47"]
[EventDate "2008.06.23"]
[EventType "swiss"]
[EventRounds "9"]
[EventCountry "HUN"]
[SourceTitle "EXT 2011"]
[Source "ChessBase"]
[SourceDate "2010.11.26"]
[SourceVersion "1"]
[SourceVersionDate "2010.11.26"]
[SourceQuality "1"]

1. d4 Nf6 2. Nf3 e6 3. c4 b6 4. g3 Bb7 5. Bg2 c5 6. Nc3 cxd4 7. Qxd4 Be7 8. Qd3 d6 9. Bg5 h6 10. Bxf6 Bxf6 11. 0-0 a6 12. Rad1 Be7 13. Ne4 d5 14. Nc3 dxc4 15. Qxc4 Qc8 16. Qd4 0-0 17. Qxb6 Bc5 18. Qb3 Nd7 19. Na4 Bd5 20. Qc3 Qc6 21. Nxc5 Nxc5 22. Nd4 Qb6 23. Bxd5 exd5 24. Nf5 1-0

[Event "HUN-ch Seniors"]
[Site "Ajka"]
[Date "2008.06.25"]
[Round "3"]
[White "Haasz, Gyula"]
[Black "Szatmary, Revay Jozsef"]
[Result "1-0"]
[WhiteElo "1971"]
[BlackElo "2096"]
[PlyCount "95"]
[EventDate "2008.06.23"]
[EventType "swiss"]
[EventRounds "9"]
[EventCountry "HUN"]
[SourceTitle "EXT 2011"]
[Source "ChessBase"]
[SourceDate "2010.11.26"]
[SourceVersion "1"]
[SourceVersionDate "2010.11.26"]
[SourceQuality "1"]

1. Nf3 d5 2. g3 Nf6 3. Bg2 e6 4. d3 c5 5. Nbd2 Nc6 6. c4 Be7 7. 0-0 0-0 8. Qb3 Qc7 9. Ng5 h6 10. Nh3 Rb8 11. Nf4 d4 12. e4 b6 13. Nf3 Nh7 14. Re1 Bb7 15. Bd2 Bd6 16. Re2 Rbe8 17. Rae1 Bxf4 18. gxf4 Nf6 19. e5 Nh7 20. Nh4 Qd8 21. Nf3 Ne7 22. Nh4 Bxg2 23. Kxg2 Qa8+ 24. Kg1 Kh8 25. Qd1 Rg8 26. Re4 Nf5 27. Nf3 Nf8 28. Kh1 Ng6 29. Rg1 Kh7 30. Ng5+ hxg5 31. Qh5+ Nh6 32. fxg5 Rh8 33. gxh6 Kg8 34. Rg2 Rh7 35. Kg1 Qc6 36. b3 Qb7 37. Bg5 Qc6 38. h4 Qb7 39. Qe2 gxh6 40. Bf6 h5 41. Rg5 Rb8 42. Rxh5 Rxh5 43. Qxh5 Kf8 44. Qg5 Ke8 45. h5 Ne7 46. Qg7 Qc8 47. h6 Kd7 48. h7 1-0

[Event "HUN-chT2 Barcza 0708"]
[Site "Hungary"]
[Date "2008.03.30"]
[Round "9"]
[White "Szatmary, Revay Jozsef"]
[Black "Juhasz, Sandor"]
[Result "1/2-1/2"]
[WhiteElo "2099"]
[BlackElo "1946"]
[PlyCount "74"]
[EventDate "2007.10.14"]
[EventType "team"]
[EventRounds "11"]
[EventCountry "HUN"]
[SourceTitle "EXT 2009"]
[Source "ChessBase"]
[SourceDate "2008.11.26"]
[SourceVersion "1"]
[SourceVersionDate "2008.11.26"]
[SourceQuality "1"]
[WhiteTeam "Munkacs"]
[BlackTeam "Miskolc II"]
[WhiteTeamCountry "HUN"]
[BlackTeamCountry "HUN"]

1. d4 Nf6 2. c4 e6 3. Nc3 Bb4 4. a3 Bxc3+ 5. bxc3 0-0 6. e3 c5 7. Bd3 Nc6 8. Nf3 b6 9. 0-0 d6 10. e4 Qc7 11. Re1 e5 12. Bg5 Ne8 13. d5 Ne7 14. Nh4 f6 15. Be3 g5 16. Nf5 Nxf5 17. exf5 Ng7 18. g4 Qf7 19. f3 h5 20. h3 Bd7 21. Qe2 Rfe8 22. Kg2 Re7 23. Qb2 Be8 24. Reb1 Rb7 25. a4 a5 26. Qd2 Qe7 27. Be2 Bd7 28. Rh1 h4 29. Rhe1 Qd8 30. Qd3 Kf7 31. Bf2 Qc7 32. Qd2 Rh8 33. Be3 Qd8 34. Rab1 Ne8 35. Rb2 Nc7 36. Reb1 Na8 37. Re1 Rg8 1/2-1/2